000 00383nam a22001697a 4500
999 _c7851
_d7849
005 20220120124352.0
008 220120b ||||| |||| 00| 0 eng d
020 _a978-81-316-0055-9
041 _aeng
082 _a301
100 _aRAWAT, H.K
_96969
245 _aSOCIOLOGY
260 _aJAIPUR
_bRAWAT PUBLICATION
_c2007
300 _a356;p
650 _aBPT
_96963
942 _cBK